| 000 | 00356pab a2200133 454500 | ||
|---|---|---|---|
| 008 | 180718b xxu||||| |||| 00| 0 eng d | ||
| 100 | _aLivermore, J. Daniel | ||
| 245 | _aHarare and beyond: the commonwealths role in human rights | ||
| 650 | _a Commonwealth | ||
| 650 | _a Human rights | ||
| 650 | _aCivil Liberties | ||
| 773 | _aRound Table | ||
| 909 | _a24525 | ||
| 999 |
_c24525 _d24525 |
||